| 000 | 01024cad a22002295a 4500 | ||
|---|---|---|---|
| 001 | E149569 | ||
| 008 | 100322s2010 fr d f s 000 0 eng d | ||
| 035 | _a(Sirsi) u149569 | ||
| 041 | 0 | _aeng | |
| 050 | 0 | 4 | _a333.33 $2 18 |
| 110 | 2 |
_aBNP Paribas Real Estate _95715 |
|
| 245 | 0 | 0 |
_aOffice market in Europe _bQ4 2009 _h[electronic resource] |
| 260 |
_a[S.l] _bBNP Paribas Real Estate _c2010 |
||
| 490 | 0 |
_aBNP Paribas Real Estate Office Market in Europe _vFourth Quarter 2009 |
|
| 520 | _aReports that levels of take-up increased in Q4 2009, to reach levels last seen in Q3 2008. Prime rents remained stable, except in Madrid, where they fell by 6%. In the City of London, prime rents increased. | ||
| 590 | _aKA | ||
| 650 | 2 | 4 | _aBNP PARIBAS OFFICE MARKET IN EUROPE |
| 651 | 4 | _aEurope | |
| 690 | _aPROPERTY-COMMERCIAL PROPERTY-COMMERCIAL PROPERTY MARKET | ||
| 856 | 4 | 0 |
_uhttps://www.realestate.bnpparibas.co.uk _zView this report free of charge at www.realestate.bnpparibas.co.uk (see research section)... |
| 942 | _n0 | ||
| 999 |
_c110542 _d110542 |
||